<?xml version="1.0" encoding="UTF-8"?>
<marc:record xmlns:marc="http://www.loc.gov/MARC21/slim">
   <marc:leader>00000nam a2200000 a 4500</marc:leader>
   <marc:datafield ind1="1" ind2=" " tag="100">
      <marc:subfield code="a">Defossez, Jean-Marie</marc:subfield>
      <marc:subfield code="4">aut</marc:subfield>
      <marc:subfield code="e">Verfasser/-in</marc:subfield>
   </marc:datafield>
   <marc:datafield ind1=" " ind2=" " tag="653">
      <marc:subfield code="a">Pinguin</marc:subfield>
   </marc:datafield>
   <marc:datafield ind1="0" ind2="0" tag="245">
      <marc:subfield code="a">Rettung für die Pinguine</marc:subfield>
   </marc:datafield>
   <marc:datafield ind1=" " ind2="1" tag="264">
      <marc:subfield code="b">Freiburg, KeRLE im Verlag Herder 1998 - S.</marc:subfield>
      <marc:subfield code="c">2014</marc:subfield>
   </marc:datafield>
   <marc:datafield ind1="1" ind2=" " tag="490">
      <marc:subfield code="a">Task Force Animal</marc:subfield>
   </marc:datafield>
   <marc:datafield ind1="1" ind2=" " tag="520">
      <marc:subfield code="a">Der drastische Rückgang an Kaiserpinguinen führt das Task-Force-Team in die Antarktis. In Pinguine verwandelt, mischen Lisa und Noah sich unter eine Kolonie brütender Kaiserpinguine. Was sie dort entdecken, lässt ihnen den Atem stocken: Drei gigantische Eisbrecher schieben sich durch das Naturschutzgebiet. Haben sie etwas mit dem mysteriösen Verschwinden der Pinguine zu tun? Um das herauszufinden, begeben sich die beiden Bionauten in höchste Gefahr ... </marc:subfield>
   </marc:datafield>
   <marc:datafield ind1=" " ind2=" " tag="020">
      <marc:subfield code="a">9783451712753</marc:subfield>
      <marc:subfield code="9">9783451712753</marc:subfield>
   </marc:datafield>
</marc:record>
